LEADER 00806nam a2200193 4500 001 000000355365 003 CaOOAMICUS 005 20230912152907.0 008 230912n it 000 u ita r 040 $aSeMil$bita 245 00$aRegolamento interno per gli educatorii della "Provvidenza scolastica" di Milano. 264 1$aMilano :$bPulzato & Giani,$cs.d. 300 $a8 p. ;$c17 cm 650 4$aMilano - Scuole.$0(OLS)http://semarc/subject/23771 850 $aSeMil 852 $aSeMil$W1$xVenegono$y1$m5B IV 5/2$j243481$B246634$CSeMilBibl$Z2$F246634 $81 996 $6245$aRegolamento interno per gli educatorii della "Provvidenza scolastica" di Milano$9(OLS)http://semarc/title/445557 996 $6264$aMilano :$bPulzato & Giani$9(OLS)http://semarc/publisher/49656 LEADER 01327nam a2200253 4500 001 000000356402 003 CaOOAMICUS 005 20231212101303.0 008 231212s2020 it 000 u ita r 020 $a978-88-10-45014-7 040 $aSeMil$bita 245 00$a«Quelli della via». Indagini sulla sinodalitą nella Chiesa :$batti del 12. Convegno annuale della Facoltą teologica dell'Emilia-Romagna, Bologna, 5-6 dicembre 2017 /$ca cura di Davide Righi. 264 1$aBologna :$bEDB,$c2020. 300 $a198 p. ;$c24 cm 490 1 $aBiblioteca di teologia dell'evangelizzazione ;$v14 650 4$aChiesa e sinodalitą.$0(OLS)http://semarc/subject/18874 700 1 $aRighi, Davide,$d<1962- >.$0(OLS)http://semarc/name/68278 830 0$aBiblioteca di teologia dell'evangelizzazione ;$v14.$0(OLS)http://semarc/title/25697 850 $aSeMil 852 $aSeMil$W1$xVenegono$y1$m2B IV 344$j244971$B247569$CSeMilBibl$Z2$F247569 $81 996 $6020$a978-88-10-45014-7$9(OLS)http://semarc/number/299464 996 $6245$a«Quelli della via». Indagini sulla sinodalitą nella Chiesa :$batti del 12. Convegno annuale della Facoltą teologica dell'Emilia-Romagna, Bologna, 5-6 dicembre 2017$9(OLS)http://semarc/title/446669 996 $6264$aBologna :$bEDB$9(OLS)http://semarc/publisher/29669